00850cam a22002531 4500001001300000003000400013005001700017008004100034010001700075035001900092040002000111042001200131050002200143100002500165245006400190260005100254300006000305490004900365504002800414650003600442740004900478810005200527999001700579gs 63000274 DLC20260227111413.0760623s1963 xx 000 0 eng  ags 63000274  a(OCoLC)2275966 aDLCcMeU-PdDLC apremarc00aQE171b.A3 no. 221 aJohansson, Warren I.10aGeology of the Lunenburg-Brunswick-Guildhall area, Vermont. aMontpelier,bVermont Development Dept.,c1963. a86 p.billus., maps (2 fold., 1 col. in pocket)c23 cm.1 aVermont. Geological Survey. Bulletinvno. 22 aBibliography: p. 84-86. 0aGeologyzVermontzEssex County.0 aLunenburg-Brunswick-Guildhall area, Vermont.1 aVermont.bState Geologist.tBulletin ;vno. 22. c29739d29739